Proyecto de instalación para una fábrica de cal común (Record no. 54843)

MARC details
000 -LEADER
campo de control de longitud fija 00630nam a22001575i 4500
001 - NÚMERO DE CONTROL
campo de control 54843
003 - IDENTIFICADOR DE NÚMERO DE CONTROL
campo de control ES-MaACL
007 - CAMPO FIJO DE DESCRIPCIÓN FÍSICA--INFORMACIÓN GENERAL
campo de control de longitud fija t|
008 - DATOS DE LONGITUD FIJA--INFORMACIÓN GENERAL
campo de control de longitud fija 960726s1894 ag ||||1| spa d
040 ## - FUENTE DE CATALOGACIÓN
Centro catalogador/agencia de origen CAM
Lengua de catalogación spa
Centro/agencia transcriptor CAM
100 1# - ENTRADA PRINCIPAL--NOMBRE DE PERSONA
Nombre de persona Gallardo, Angel.
9 (RLIN) 53477
245 10 - MENCIÓN DEL TÍTULO
Título Proyecto de instalación para una fábrica de cal común
Resto del título : presentado a la Facultad de Ciencias Exactas, Físicas y Naturales de la Universidad de Buenos-Aires para optar al título de ingeniero civil /
Mención de responsabilidad, etc. por Angel Gallardo.
260 ## - PUBLICACIÓN, DISTRIBUCIÓN, ETC.
Lugar de publicación, distribución, etc. Buenos Aires :
Nombre del editor, distribuidor, etc. [s.n.],
Fecha de publicación, distribución, etc. 1894 (
Fabricante Imprenta de Pablo E. Coni e hijos)
300 ## - DESCRIPCIÓN FÍSICA
Extensión 124 p. ;
Dimensiones 25 cm.
852 ## - LOCALIZACIÓN
Ubicación ES-MaACL
Número de control de estantería G-5282
Holdings
Estatus retirado Estado de pérdida Estado de daño No para préstamo Colección Biblioteca de origen Biblioteca actual Ubicación en estantería Fecha de adquisición Fuente de adquisición Total de préstamos Signatura topográfica completa Código de barras Visto por última vez Precio de reemplazo Tipo de ítem Koha
        Libros del s. XIX Biblioteca del Ateneo de Madrid Biblioteca del Ateneo de Madrid Depósito 2 17/01/2008     G-5282 1057628 23/02/2023 23/02/2023 Libro impreso antiguo